1909 1259 1995 1787 1894 1914 1837 1549 1355 1031 1070 1189 1462 1847 1886 1430 1972 1195 1887 1544 1137 1765 1251 1573 1091 1804 1207 1210 1316 1462 1828 1997 1580 1765 1174 1246 1767 1286 1323 1625 1464 1577 1421 1341 1844 1940 1695 1471 1128 1742 1545 1615 1998 1330 1761 1736 1383 1896 1098 1541 1040 1614 1417 1010 1320 1849 1739 1177 1364 1058 1462 1349 1105 1648 1482 1147 1669 1257 1847 1632 1018 1032 1944 1495 1717 1432 1346 1022 1025 1657 1859 1029 1565 1614 1553 1578 1725 1330 1821 BCNSPRNW ULIB Ver.6.0+V

เปลี่ยนเป็นภาษาไทย

Change to English
 แสดงรายละเอียดบรรณานุกรม
  กลับหน้าหลัก

Brief Record : Get Marc (ISO 2709) : E-mail record : QR code < ปิดหน้าต่าง
LEADER : 00000nam 2200000uu 4500
001    13399120979
003     ULIB
008    121029s2548||||th 000 0 tha d
020    ^a9746459457(ล.1)
050  4 ^aHA29.5.T5^bส719ส ล.1
110 2  ^aมหาวิทยาลัยสุโขทัยธรรมาธิราช.^bสาขาวิชาวิทยาศาสตร์สุขภาพ
245 10 ^a เอกสารการสอนชุดวิชาสถิติและการวิจัยสำหรับวิทยาศาสตร์สุขภาพ หน่วยที่ 1-7=^bStatistics and research in health science / ^cสาขาวิชาวิทยาศาสตร์สุขภาพ มหาวิทยาลัยสุโขทัยธรรมาธิราช
246 30 ^aสถิติและการวิจัยสำหรับวิทยาศาสตร์สุขภาพ
246 31 ^aStatistics and research in health science
250    ^aพิมพ์ครั้งที่ 2
260    ^aนนทบุรี :^bมหาวิทยาลัยสุโขทัยธรรมาธิราช,^c2548
300    ^aเล่ม :^bภาพประกอบ
440  0 ^aมหาวิทยาลัยสุโขทัยธรรมาธิราช ;^vอ.50103
504    ^aบรรณานุกรมท้ายเล่ม
505 0  ^aสารบัญ: ล.1. หน่วยที่ 1-7-- ล.2. หน่วยที่ 8-15
650  4 ^aสถิติศาสตร์
650  4 ^aวิจัย
650  4 ^aวิทยาศาสตร์การแพทย์^xวิจัย
650  4 ^aวิทยาศาสตร์สุขภาพ^xวิจัย
650  4 ^aสถิติและการวิจัยสำหรับวิทยาศาสตร์สุขภาพ
945    ^p0^l0^i24414
995    ^aทศพร
999    ^aทศพร เกษรทอง
รายการนี้ยังไม่มีแท็ก
คุณยังไม่ได้ล็อกอิน คุณสามารถมีกิจกรรมร่วมกับเว็บไซต์ได้ แต่ต้องล็อกอินก่อน ::
  ล็อกอิน

รายการสื่อสารสนเทศ

ลำดับที่ ประเภท เลขเรียก/บาร์โค้ด สถานที่ สถานะ
1. วิทยาศาสตร์การแพทย์ และสุขภาพ
วิทยาศาสตร์การแพทย์ และสุขภาพ
HA29.5.T5 ส719ส ล.1 ฉ.1 
  Barcode: 24414
ห้องสมุดวิทยาเขตสวรรค์ประชารักษ์
►หนังสือทั่วไป
บนชั้น

รายการใกล้เคียง
    หัวเรื่อง [สถิติศาสตร์]
    หัวเรื่อง [วิจัย]
    หัวเรื่อง [สถิติและการวิจัยสำหรับวิทยาศาสตร์สุขภาพ]

BibComment


ยังไม่เคยถูกคอมเมนท์

คอมเมนท์ทรัพยากรรายการนี้
  คอมเมนท์: เอกสารการสอนชุด..


 Copyright 2026. Bcnsprnw @Library